Online
Catalog

El trac en los artistas : (Record no. 58612)

MARC details
000 -CABECERA
campo de control de longitud fija 02809nam a2200445 i 4500
003 - IDENTIFICADOR DEL NÚMERO DE CONTROL
campo de control DO-SdBNP
005 - FECHA Y HORA DE LA ÚLTIMA TRANSACCIÓN
campo de control 20260522114734.0
007 - CAMPO FIJO DE DESCRIPCIÓN FÍSICA--INFORMACIÓN GENERAL
campo de control de longitud fija ta
008 - DATOS DE LONGITUD FIJA--INFORMACIÓN GENERAL
campo de control de longitud fija 250403t2024 dr ao 001 ||spa d
020 ## - NÚMERO INTERNACIONAL ESTÁNDAR DEL LIBRO
ISBN cancelado o inválido 9789945629422
040 ## - FUENTE DE LA CATALOGACIÓN
Centro catalogador/agencia de origen DO-SdBNP
Lengua de catalogación spa
Centro/agencia transcriptor BNPHU
Normas de descripción rda
082 ## - NÚMERO DE LA CLASIFICACIÓN DECIMAL DEWEY
Número de clasificación 792.028
Número de documento/Ítem H557
Número de edición 22
100 1# - ENTRADA PRINCIPAL--NOMBRE DE PERSONA
Nombre de persona Hernández, Edith
Término indicativo de función/relación autora
Código de función/relación aut.
9 (RLIN) 59742
245 13 - MENCIÓN DE TÍTULO
Título El trac en los artistas :
Resto del título un estudio sobre el miedo al escenario /
Mención de responsabilidad, etc. Edith Hernández : prólogo, Leonor Elmúdesi de Bancalari : edición, José Alcántara Almánzar, Elvis Francis Soto : ilustraciones de interior Fernely Lebrón ; fotografías de interior Rubén Darío Abud Pérez, Luis Nova, Renato David Soto y Mikael Erwanig Pasco
250 ## - MENCIÓN DE EDICIÓN
Mención de edición Primera edición
264 ## - PRODUCCIÓN, PUBLICACIÓN, DISTRIBUCIÓN, FABRICACIÓN Y COPYRIGHT
Producción, publicación, distribución, fabricación y copyright Santo Domingo :
Nombre del de productor, editor, distribuidor, fabricante Banco Central de la República Dominicana,
Fecha de producción, publicación, distribución, fabricación o copyright 2024.
300 ## - DESCRIPCIÓN FÍSICA
Extensión 273 páginas
Otras características físicas ilustraciones, fotografías a color
Dimensiones 23 cm.
336 ## - TIPO DE CONTENIDO
Término de tipo de contenido texto
Código de tipo de contenido txt
Fuente rdacontent
337 ## - TIPO DE MEDIO
Nombre/término del tipo de medio sin mediación
Código del tipo de medio n
Fuente rdamedia
338 ## - TIPO DE SOPORTE
Nombre/término del tipo de soporte volumen
Código del tipo de soporte nc
Fuente rdacarrier
490 1# - MENCIÓN DE SERIE
Mención de serie Colección del Banco Central de la República Dominicana,
Designación de volumen o secuencia 312
Mención de serie Arte y literatura,
Designación de volumen o secuencia 116
500 ## - NOTA GENERAL
Nota general Incluye datos biográficos de la autora en la solapa de la portada.
500 ## - NOTA GENERAL
Nota general Incluye índice onomástico.
504 ## - NOTA DE BIBLIOGRAFÍA, ETC.
Nota de bibliografía, etc. Bibliografía p: 250-253.
505 ## - NOTA DE CONTENIDO CON FORMATO
Título Prólogo, --
-- Pórtico, --
Información miscelánea Capítulo I. --
Título Las raíces del arte, -- <br/>
Información miscelánea Capítulo II. --
Título El TRAC o miedo al escenario en los artistas, --
Información miscelánea Capítulo III. --
Título Fuentes documentales sobre el TRAC, --
Información miscelánea Capítulo IV. --
Título Reflexiones sobre el miedo al escenario, --
Información miscelánea Capítulo V. --
Título Aspectos de una tesis sobre el trac en los músicos, --
Información miscelánea Capítulo VI. --
Título Las presentaciones artísticas y las teorías sobre el miedo al escenario, --
Información miscelánea Capítulo VII. --
Título El Trac según el instrumento y la especialidad musical, --
Información miscelánea Capítulo VIII. --
Título Una propuesta de solución para el TRAC, --<br/>
-- Epílogo, --
-- Glosario, --
-- Agradecimientos, --
-- Bibliografía, --
-- Índice onomástico, --
-- Colección del Banco Central de la Repùblica Dominicana, /
590 ## - NOTA LOCAL (RLIN)
Nota local Inventariado, 2025/ YL
650 #7 - PUNTO DE ACCESO ADICIONAL DE MATERIA--TÉRMINO DE MATERIA
Término de materia o nombre geográfico como elemento de entrada Miedo al público
9 (RLIN) 87339
650 #7 - PUNTO DE ACCESO ADICIONAL DE MATERIA--TÉRMINO DE MATERIA
Término de materia o nombre geográfico como elemento de entrada Actuación teatral
9 (RLIN) 25438
650 #0 - PUNTO DE ACCESO ADICIONAL DE MATERIA--TÉRMINO DE MATERIA
Término de materia o nombre geográfico como elemento de entrada Artistas
9 (RLIN) 87340
700 1# - PUNTO DE ACCESO ADICIONAL--NOMBRE DE PERSONA
Nombre de persona Elmúdesi de Bancalari, Leonor
Término indicativo de función/relación prólogo
Código de función/relación prol.
9 (RLIN) 87341
700 1# - PUNTO DE ACCESO ADICIONAL--NOMBRE DE PERSONA
Nombre de persona Alcántara Almánzar, José
Término indicativo de función/relación edición
Código de función/relación ed.
9 (RLIN) 87139
700 1# - PUNTO DE ACCESO ADICIONAL--NOMBRE DE PERSONA
Nombre de persona Soto, Elvis Francis
Término indicativo de función/relación edición
Código de función/relación ed.
9 (RLIN) 39156
700 1# - PUNTO DE ACCESO ADICIONAL--NOMBRE DE PERSONA
Nombre de persona Lebrón, Fernely
Término indicativo de función/relación ilustraciones de interior
Código de función/relación il.
9 (RLIN) 76520
700 1# - PUNTO DE ACCESO ADICIONAL--NOMBRE DE PERSONA
Nombre de persona Abud Pérez, Rubén Darío
Término indicativo de función/relación fotografías de interior
Código de función/relación fot.
9 (RLIN) 87342
700 1# - PUNTO DE ACCESO ADICIONAL--NOMBRE DE PERSONA
Nombre de persona Nova, Luis
Término indicativo de función/relación fotografías de interior
Código de función/relación fot.
9 (RLIN) 36995
700 1# - PUNTO DE ACCESO ADICIONAL--NOMBRE DE PERSONA
Nombre de persona Soto,Renato David
Término indicativo de función/relación fotografías de interior
Código de función/relación fot.
9 (RLIN) 87343
700 1# - PUNTO DE ACCESO ADICIONAL--NOMBRE DE PERSONA
Nombre de persona Erwanig Pasco, Mikael
Término indicativo de función/relación fotografías de interior
Código de función/relación fot.
9 (RLIN) 87344
910 ## - DATOS DE OPCIÓN DEL USUARIO (OCLC)
Datos de opción del usuario YLockward
942 ## - ELEMENTOS DE PUNTO DE ACCESO ADICIONAL (KOHA)
Fuente del sistema de clasificación o colocación Dewey Decimal Classification
Tipo de ítem Koha Libro
Holdings
Estado de retiro Estado de pérdida Fuente del sistema de clasificación o colocación Restricciones de uso No para préstamo Código de colección Localización permanente Ubicación/localización actual Ubicación en estantería Fecha de adquisición Fuente de adquisición Total de préstamos Signatura topográfica completa Código de barras Fecha visto por última vez Precio válido a partir de Tipo de ítem Koha Número de copia
    Dewey Decimal Classification Excluido de préstamo   Patrimonio Dominicano Biblioteca Nacional Pedro Henríquez Ureña Biblioteca Nacional Pedro Henríquez Ureña En catalogación 17.09.2024 Depósito Legal   BNPHU PD 792.028 H557 2025-2632 04.04.2025 04.04.2025 Libro  
    Dewey Decimal Classification Excluido de préstamo   Patrimonio Dominicano Biblioteca Nacional Pedro Henríquez Ureña Biblioteca Nacional Pedro Henríquez Ureña En catalogación 17.09.2024 Depósito Legal   BNPHU PD 792.028 H557 2025-2634 04.04.2025 04.04.2025 Libro e. 2
    Dewey Decimal Classification Préstamo en sala   Dominicana de Servicio Biblioteca Nacional Pedro Henríquez Ureña Biblioteca Nacional Pedro Henríquez Ureña En catalogación 17.09.2024 Depósito Legal   BNPHU DS 792.028 H557 2025-2635 04.04.2025 04.04.2025 Libro e. 3

Powered by Koha